| 000 | 01500pam a2200313 i 4500 | ||
|---|---|---|---|
| 003 | KPN | ||
| 005 | 20260413130017.0 | ||
| 008 | 20260413 | ||
| 020 |
_a9789674499556 _qpaperback _cRM12.00 |
||
| 040 | _cKPN | ||
| 082 | 0 | 4 |
_aBM FK NOR 2025 _223 |
| 090 | 0 | 0 |
_aBM FK NOR 2025 _bNOR |
| 100 | 0 |
_aNordin Hashim, _eauthor. |
|
| 245 | 1 | 0 |
_aGeng budak F : _bMisi Pecah Rekod! / _cNordin Hashim ; Editor : Asrul Adli ; Editor Pruf : Yoi ; Ilustrator Dalaman : Raby, Zaris Sambal. |
| 250 | _aCetakan Pertama Edisi Kedua 2025. | ||
| 264 | 1 |
_aKuala Lumpur : _bAna Muslim Sdn Bhd, _c2025 |
|
| 300 |
_a125 pages : _bcolour illustrations ; _c17 cm. |
||
| 490 | _aSiri Novel Mutiara Islami | ||
| 521 | _aFirdaus, Felix dan Frawash, tiga sekawan dengan misi besar; pecahkan rekod sekolah dengan memperoleh semua 'A' dalam peperiksaan UASA! Namun, perjalanan mereka penuh onak dan duri. Firdaus hilang fokus apabila ibunya sakit. Zulhaziq, si kaki buli pula tak habis-habis mengacaunya. Ditambah pula apabila Cikgu Salim, guru yang menjadi inspirasi mereka terlibat dalam kemalangan. Subhanallah... Segalanya menjadi makin huru hara! Mampukan mereka manciota sejarah, atau semua usaha mereka bakal hancur? | ||
| 650 | 1 | 0 | _aChildren's stories, Malay. |
| 650 | 2 | 4 | _aMalay fiction. |
| 650 | 2 | 0 | _aGraphic novels. |
| 700 | 0 |
_aAsrul Adli, _eeditor. |
|
| 700 | 0 |
_aYoi, _eeditor. |
|
| 700 | 0 |
_aRaby, _eillustrator. |
|
| 700 | 0 |
_aZaris Sambal, _eillustrator. |
|
| 830 | 0 | _aSiri novel mutiara islami. | |
| 942 |
_2ddc _c1 _n0 |
||
| 999 |
_c1807 _d1807 |
||